Síntesis biográfica del Ateneo de El Salvador en medio siglo de existencias / (Record no. 93795)

MARC details
000 -LEADER
campo de control de longitud fija 00691nam a2200205 i 4500
001 - NÚMERO DE CONTROL
campo de control 93795
003 - IDENTIFICADOR DE NÚMERO DE CONTROL
campo de control ES-MaACL
005 - FECHA Y HORA DE LA ÚLTIMA TRANSACCIÓN
campo de control 20230906181322.0
007 - CAMPO FIJO DE DESCRIPCIÓN FÍSICA--INFORMACIÓN GENERAL
campo de control de longitud fija t|
008 - DATOS DE LONGITUD FIJA--INFORMACIÓN GENERAL
campo de control de longitud fija 050420q1962 es ||||1| spa d
100 1# - ENTRADA PRINCIPAL--NOMBRE DE PERSONA
Nombre de persona López Jiménez, Ramón.
9 (RLIN) 73716
245 10 - MENCIÓN DEL TÍTULO
Título Síntesis biográfica del Ateneo de El Salvador en medio siglo de existencias /
Mención de responsabilidad, etc. Dr. Ramón López Jiménez.
260 ## - PUBLICACIÓN, DISTRIBUCIÓN, ETC.
Lugar de publicación, distribución, etc. El Salvador :
Nombre del editor, distribuidor, etc. Publicaciones del Ateneo,
Fecha de publicación, distribución, etc. [1962?]
300 ## - DESCRIPCIÓN FÍSICA
Extensión 25 p. ;
Dimensiones 25 cm.
610 04 - PUNTO DE ACCESO ADICIONAL DE MATERIA--NOMBRE DE ENTIDAD CORPORATIVA
Nombre de entidad corporativa o nombre de jurisdicción como elemento de entrada Ateneo de El Salvador.
9 (RLIN) 1865
852 ## - LOCALIZACIÓN
Ubicación ES-MaACL
Número de control de estantería 2039-F-5
Sublocalización o colección R.53478
852 ## - LOCALIZACIÓN
Ubicación ES-MaACL
Número de control de estantería 2039-F-4
Sublocalización o colección R.53476
852 ## - LOCALIZACIÓN
Ubicación ES-MaACL
Número de control de estantería 2039-F-3
Sublocalización o colección R.53475
852 ## - LOCALIZACIÓN
Ubicación ES-MaACL
Número de control de estantería 2039-F-6
Sublocalización o colección R.53477
Holdings
Estatus retirado Estado de pérdida Estado de daño No para préstamo Colección Biblioteca de origen Biblioteca actual Ubicación en estantería Fecha de adquisición Fuente de adquisición Total de préstamos Signatura topográfica completa Código de barras Visto por última vez Precio de reemplazo Tipo de ítem Koha
        Colección de folletos Biblioteca del Ateneo de Madrid Biblioteca del Ateneo de Madrid Depósito folletos 17/01/2008     2039-F-6 1097954 23/02/2023 23/02/2023 Folleto
        Colección de folletos Biblioteca del Ateneo de Madrid Biblioteca del Ateneo de Madrid Depósito folletos 17/01/2008     2039-F-5 1097951 23/02/2023 23/02/2023 Folleto
        Colección de folletos Biblioteca del Ateneo de Madrid Biblioteca del Ateneo de Madrid Depósito folletos 17/01/2008     2039-F-4 1097952 23/02/2023 23/02/2023 Folleto
        Colección de folletos Biblioteca del Ateneo de Madrid Biblioteca del Ateneo de Madrid Depósito folletos 17/01/2008     2039-F-3 1097953 23/02/2023 23/02/2023 Folleto